Socio-economic conditions of the artisans engaged in footwear cottage industry in Agra (Record no. 501120)

000 -LEADER
fixed length control field 00497cam a22001457a 4500
008 - FIXED-LENGTH DATA ELEMENTS--GENERAL INFORMATION
fixed length control field 180718b1977 xxu||||| |||| 00| 0 eng d
082 ## - DEWEY DECIMAL CLASSIFICATION NUMBER
Classification number APPPA 76-77 ROS
100 ## - MAIN ENTRY--PERSONAL NAME
Personal name Lal, Roshan
245 ## - TITLE STATEMENT
Title Socio-economic conditions of the artisans engaged in footwear cottage industry in Agra
Statement of responsibility, etc. by Roshan Lal
260 ## - PUBLICATION, DISTRIBUTION, ETC.
Place of publication, distribution, etc. New Delhi
Name of publisher, distributor, etc. Indian Institute of Public Administration
Date of publication, distribution, etc. 1977
300 ## - PHYSICAL DESCRIPTION
Extent 46p.
650 ## - SUBJECT ADDED ENTRY--TOPICAL TERM
Topical term or geographic name entry element Footwear cottage industry-Agra
650 ## - SUBJECT ADDED ENTRY--TOPICAL TERM
Topical term or geographic name entry element Artisans
650 ## - SUBJECT ADDED ENTRY--TOPICAL TERM
Topical term or geographic name entry element Socio-economic conditions
Holdings
Withdrawn status Lost status Damaged status Not for loan Permanent Location Current Location Date acquired Full call number Barcode Date last seen Price effective from Koha item type
        Indian Institute of Public Administration Indian Institute of Public Administration 2018-08-04 APPPA 76-77 ROS GR10675 2018-08-04 2018-08-04 GR

Powered by Koha